| 000 | 03060cam a2200433 i 4500 | ||
|---|---|---|---|
| 001 | data | ||
| 005 | 20260322212105.0 | ||
| 008 | data | ||
| 035 | _a19457084 | ||
| 906 |
_a0 _bibc _ccopycat _d2 _eepcn _f20 _gy-gencatlg |
||
| 925 | 0 |
_aacquire _b1 shelf copy _xpolicy default |
|
| 010 | _a 2017931615 | ||
| 020 |
_a9780198768791 _qhardback |
||
| 020 |
_a0198768796 _qhardback |
||
| 035 | _a(OCoLC)975929191 | ||
| 040 |
_aYDX _beng _cYDX _erda _dDLC _dOCLCF _dCLU _dRCJ _dDLC |
||
| 042 | _alccopycat | ||
| 050 | 0 | 0 |
_aK3168 _b.R69 2017 |
| 082 | 0 | 4 |
_a342.03 _223 |
| 100 | 1 |
_aRoznai, Yaniv, _eauthor. |
|
| 245 | 1 | 0 |
_aUnconstitutional constitutional amendments : _bthe limits of amendment powers / _cYaniv Roznai. |
| 250 | _aFirst edition. | ||
| 264 | 1 |
_aOxford, United Kingdom : _bOxford University Press, _c2017. |
|
| 300 |
_axxxiv, 334 pages ; _c24 cm. |
||
| 336 |
_atext _btxt _2rdacontent |
||
| 337 |
_aunmediated _bn _2rdamedia |
||
| 338 |
_avolume _bnc _2rdacarrier |
||
| 490 | 0 | _aOxford constitutional theory | |
| 504 | _aIncludes bibliographical references (pages 275-315) and index. | ||
| 505 | 0 | _aPart I. Comparative constitutional unamendability -- Explicit constitutional unamendability -- Implicit constitutional unamendability -- Supra-constitutional unamendability -- Part II. Towards a theory of constitutional unamendability -- The nature of constitutional amendment powers -- The scope of constitutional amendment powers -- The spectrum of constitutional amendment powers -- Part III. Enforcing constitutional unamendability -- Understanding judicial review of constitutional amendments -- Exercising judicial review of constitutional amendments. | |
| 520 |
_a"Can constitutional amendments be unconstitutional? The problem of 'unconstitutional constitutional amendments' has become one of the most widely debated issues in comparative constitutional theory, constitutional design, and constitutional adjudication. This book describes and analyses the increasing tendency in global constitutionalism substantively to limit formal changes to constitutions. The challenges of constitutional unamendability to constitutional theory become even more complex when constitutional courts enforce such limitations through substantive judicial review of amendments, often resulting in the declaration that these constitutional amendments are 'unconstitutional'. Combining historical comparisons, constitutional theory, and a wide comparative study, [the author] sets out to explain what the nature of amendment power is, what its limitations are, and what the role of constitutional courts is and should be when enforcing limitations on constitutional amendments."-- _cProvided by publisher. |
||
| 650 | 0 | _aConstitutional amendments. | |
| 650 | 0 | _aConstitutional law. | |
| 650 | 7 | _aConstitutional amendments. | |
| 650 | 7 | _aConstitutional law. | |
| 830 | 0 | _aOxford constitutional theory. | |
| 999 |
_c1540 _d1540 |
||